000
00333 a2200157 4500
001
75238
020
_a
97885026300307
040
_c
Anchieta - Colégio São Paulo
100
_a
Padovan, Daniela
240
1
0
_a
Ligados.com
_l
por
245
1
0
_a
Ligados.com
300
_a
300
362
0
_a
2015
650
4
_a
Matemática
942
_c
BK
999
_c
75238
_d
75238